000 00895nas a2200289 4500
001 BR2010003960
003 BR-BrBNA
005 20231205114643.0
007 ta
008 230509b bl.|||p| |||| 00| 00por d
040 _aBR-BrBNA
_bpor
_cBiblioteca Nacional de Agricultura
041 _a(Pt)
072 _aH60
100 1 _aCorreia, N.M.
100 1 _aDurigan, J.C.
100 1 _aKlink, U.P.
245 1 _aInfluência do tipo e da quantidade de resíduos vegetais na eficácia de herbicidas aplicados em pré-emergência na cultura da soja
650 _aSOJA
650 _aERVA DANINHA
650 _aPLANTIO DIRETO
650 _aCONTROLE QUÍMICO
650 _aCERRADO
650 _aCONTROLE INTEGRADO
773 0 _tBragantia (Brazil)
_xISSN 0006-8705
_g(Jan-Mar 2007), v. 66(1) p. 111-120
_wBR2010003960
909 _a202311
_bLúcia
_c55
_dLúcia Elande
942 _2AGRIS
_n0
_cANA
999 _c209779
_d209779